Представление документа в формате RUSMARC

ПолеНазваниеЗначение
  Тип записи a
  Библиографический уровень a
001 Контрольный номер RU/CBS_UL/BASE/9775e643a60a4d2ea74787b35cce1d53
005 Дата корректировки 20260122124817.7
100 Данные общей обработки __
a Данные общей обработки 20260122 ||| 0rusy0189 ca
101 Язык документа 0_
a Язык текста rus
102 Страна публикации __
a Страна публикации RU
200 Заглавие и сведения об ответственности 1_
a Заглавие Такого Чехова я не знал
e Сведения, относящиеся к заглавию [личность А. П. Чехова]
f Первые сведения об ответственности А. Казакевич
300 Общие примечания __
a Общие примечания 16+
461 Уровень набора _0
1 2000
a 60 лет - не возраст
463 Уровень физической единицы _0
1 2000
a № 12
v С. 66-72 : фото
1 2101
d 2025
1 001RU/CBS_UL/BASE/7a03c9232fb147899fde30a8039233ca
600 Персоналии _1
a Персоналии (Фамилия) Чехов
b Персоналии (Имя, инициалы) А. П.
606 Тематические рубрики 0_
a Основная рубрика Чехов, Антон Павлович (1860-1904)
610 Ключевые слова 0_
a Ключевые слова писатели
610 Ключевые слова 0_
a Ключевые слова русские писатели
610 Ключевые слова 0_
a Ключевые слова писатели русские
610 Ключевые слова 0_
a Ключевые слова классики русской литературы
610 Ключевые слова 0_
a Ключевые слова писатели-врачи
686 Индексы других классификаций __
2 Код системы rubbk
a Классификационный индекс 83.3(2Рос=Рус)1
700 Автор _1
a Фамилия Казакевич
b Имя (инициалы) А.
801 Источник записи _0
a Страна RU
b Организация МБУК ЦБС г. Ульяновска
c Дата составления 20260122
g Правила каталогизации RCR
801 Источник записи _1
a Страна RU
b Организация МБУК ЦБС г. Ульяновска
c Дата составления 20260122
g Правила каталогизации RCR
901 Тип документа __
t Тип документа b
w Контрольный № источника RU/CBS_UL/BASE/7a03c9232fb147899fde30a8039233ca
909 Создатель записи __
a Создатель записи lib2